MLB The Show 20 Live Series Diamonds - Statistics

General Stats
  • This quiz has been taken 1,914 times
  • The average score is 21 of 32
Answer Stats
Teams Card OVR Players % Correct
Angels 95 OVR Mike Trout
100%
Yankees 88 OVR Aaron Judge
92%
Mets 92 OVR Jacob deGrom
88%
Astros 85 OVR Jose Altuve
88%
Nationals 92 OVR Max Scherzer
88%
Yankees 91 OVR Gerrit Cole
85%
Rockies 91 OVR Nolan Arenado
85%
Braves 89 OVR Ronald Acuna Jr.
85%
29. Phillies 85 OVR Bryce Harper
84%
Dodgers 89 OVR Mookie Betts
84%
Astros 90 OVR Justin Verlander
83%
Brewers 89 OVR Christian Yelich
82%
Dodgers 90 OVR Cody Bellinger
77%
Dodgers 85 OVR Clayton Kershaw
76%
Braves 87 OVR Freddie Freeman
76%
Indians 87 OVR Francisco Lindor
73%
Angels 88 OVR Anthony Rendon
72%
Astros 87 OVR Alex Bregman
67%
Red Sox 88 OVR Chris Sale
66%
Cubs 86 OVR Javier Baez
63%
Indians 85 OVR Jose Ramirez
62%
Nationals 87 OVR Stephen Strasburg
59%
Diamondbacks 86 OVR Ketel Marte
58%
Yankees 85 OVR Aroldis Chapman
56%
Brewers 88 OVR Josh Hader
56%
Athletics 85 OVR Matt Chapman
56%
Astros 85 OVR George Springer
42%
Phillies 85 OVR J.T. Realmuto
42%
Dodgers 86 OVR Walker Buehler
40%
Padres 87 OVR Kirby Yates
24%
Cardinals 85 OVR Jack Flaherty
23%
Rays 85 OVR Charlie Morton
21%
No matching quizzes found
Score Distribution
Percent of People with Each Score
Percentile by Number Answered
Your Score History
You have not taken this quiz